[Event "GER-ch Net qual1 U18"]
[Site "Playchess.com INT"]
[Date "2008.06.01"]
[Round "2"]
[White "Torwelle, Marcel"]
[Black "Zhou, Syang"]
[Result "0-1"]
[WhiteElo "1838"]
[BlackElo "1981"]
[PlyCount "73"]
[EventDate "2008.06.01"]
[EventType "swiss (blitz)"]
[EventRounds "7"]
[EventCountry "GER"]
[SourceTitle "CBM 124 Extra"]
[Source "ChessBase"]
[SourceDate "2008.07.03"]
[SourceVersion "1"]
[SourceVersionDate "2008.07.03"]
[SourceQuality "1"]

1. Nf3 Nf6 2. g3 g6 3. Bg2 Bg7 4. 0-0 0-0 5. d4 d5 6. c4 c6 7. Nc3 Nbd7 8. Qb3 dxc4 9. Qxc4 Nb6 10. Qd3 Nfd5 11. e4 Nxc3 12. bxc3 e5 13. Rd1 exd4 14. cxd4 Qe7 15. a4 Re8 16. e5 Nd5 17. Ba3 Qc7 18. Bd6 Qd8 19. Qc4 Be6 20. Qc2 Bf8 21. Bxf8 Rxf8 22. Rdb1 Qc7 23. Ng5 Bf5 24. Qb3 Bxb1 25. Rxb1 Qb6 26. Bxd5 cxd5 27. Qxb6 axb6 28. Rxb6 Rxa4 29. Rxb7 Rxd4 30. Nf3 Rd1+ 31. Kg2 Ra8 32. Rd7 Kf8 33. Ng5 Kg8 34. Nxh7 Kxh7 35. Rxf7+ Kg8 36. e6 Re8 37. Rf6 0-1

[Event "GER-ch Net qual1 U18"]
[Site "Playchess.com INT"]
[Date "2008.06.01"]
[Round "1"]
[White "Woellermann, Jan"]
[Black "Torwelle, Marcel"]
[Result "0-1"]
[WhiteElo "2098"]
[BlackElo "1838"]
[PlyCount "60"]
[EventDate "2008.06.01"]
[EventType "swiss (blitz)"]
[EventRounds "7"]
[EventCountry "GER"]
[SourceTitle "CBM 124 Extra"]
[Source "ChessBase"]
[SourceDate "2008.07.03"]
[SourceVersion "1"]
[SourceVersionDate "2008.07.03"]
[SourceQuality "1"]

1. e4 c6 2. d4 d5 3. e5 Bf5 4. h4 h5 5. Nc3 e6 6. Nge2 Bb4 7. a3 Ba5 8. Ng3 Bg6 9. Bd3 Bxd3 10. Qxd3 g6 11. Bg5 Ne7 12. Bf6 Rg8 13. 0-0-0 Nd7 14. f3 Nxf6 15. exf6 Nf5 16. Nge2 Qxf6 17. g4 Nd6 18. Rdf1 0-0-0 19. Kb1 Nc4 20. Ka2 e5 21. b3 exd4 22. Nxd4 Ne5 23. Qd2 Rge8 24. g5 Qe7 25. b4 Bxb4 26. axb4 Qxb4 27. Nb3 Nc4 28. Qd3 Re3 29. Qxe3 Nxe3 30. Re1 Qxc3 0-1

[Event "Niedersachsen-ch U18"]
[Site "Rotenburg"]
[Date "2008.03.16"]
[Round "2"]
[White "Vogel, Christopher"]
[Black "Torwelle, Marcel"]
[Result "1-0"]
[WhiteElo "1979"]
[BlackElo "1838"]
[PlyCount "57"]
[EventDate "2008.03.15"]
[EventType "swiss"]
[EventRounds "9"]
[EventCountry "GER"]
[SourceTitle "EXT 2009"]
[Source "ChessBase"]
[SourceDate "2008.11.26"]
[SourceVersion "1"]
[SourceVersionDate "2008.11.26"]
[SourceQuality "1"]

1. d4 Nf6 2. c4 g6 3. Nc3 d5 4. cxd5 Nxd5 5. e4 Nxc3 6. bxc3 Bg7 7. Bc4 c5 8. Ne2 0-0 9. 0-0 Nc6 10. Be3 cxd4 11. cxd4 Na5 12. Bd3 b6 13. Rc1 Bb7 14. Qa4 Qd6 15. Rc3 Rac8 16. Rfc1 Rxc3 17. Rxc3 Rd8 18. f3 Nc6 19. Bb5 Nxd4 20. Bxd4 a6 21. Bxg7 axb5 22. Qd4 Qb8 23. Be5 Qa8 24. Qxb6 Rd1+ 25. Kf2 Rd2 26. a3 Ba6 27. Rc6 Bb7 28. Rc7 Ba6 29. Ra7 1-0

[Event "Niedersachsen-ch U16"]
[Site "Rotenburg/Wuemme"]
[Date "2007.04.06"]
[Round "9"]
[White "Orschulik, Nils"]
[Black "Torwelle, Marcel"]
[Result "1/2-1/2"]
[WhiteElo "1600"]
[BlackElo "1844"]
[PlyCount "75"]
[EventDate "2007.03.31"]
[EventType "swiss"]
[EventRounds "9"]
[EventCountry "GER"]
[SourceTitle "EXT 2008"]
[Source "ChessBase"]
[SourceDate "2007.11.25"]
[SourceVersion "1"]
[SourceVersionDate "2007.11.25"]
[SourceQuality "1"]

1. e4 d6 2. d4 Nf6 3. Nc3 Nbd7 4. f3 c6 5. Be3 e5 6. Qd2 b5 7. g4 h6 8. h4 b4 9. Nce2 d5 10. dxe5 Nxe5 11. Ng3 Be6 12. g5 hxg5 13. hxg5 Rxh1 14. Nxh1 Nfd7 15. f4 Ng4 16. f5 Nxe3 17. Qxe3 Bc5 18. Qg3 Bxf5 19. exf5 Qe7+ 20. Ne2 Qe4 21. Qh3 Qxc2 22. Rc1 Qxb2 23. Nf2 Bf8 24. Rxc6 Qxa2 25. Qe3+ Kd8 26. f6 gxf6 27. gxf6 b3 28. Qg3 Bb4+ 29. Nc3 Qa5 30. Ke2 d4 31. Nd3 Bf8 32. Nd1 Rc8 33. Rxc8+ Kxc8 34. Bh3 Qd5 35. Ne5 Qe4+ 36. Kf1 Qh1+ 37. Ke2 Qe4+ 38. Kf1 1/2-1/2

[Event "Niedersachsen-ch U16"]
[Site "Rotenburg/Wuemme"]
[Date "2007.04.04"]
[Round "5"]
[White "Torwelle, Marcel"]
[Black "Kickert, Germaine Helene"]
[Result "1/2-1/2"]
[WhiteElo "1844"]
[BlackElo "1897"]
[PlyCount "37"]
[EventDate "2007.03.31"]
[EventType "swiss"]
[EventRounds "9"]
[EventCountry "GER"]
[SourceTitle "EXT 2008"]
[Source "ChessBase"]
[SourceDate "2007.11.25"]
[SourceVersion "1"]
[SourceVersionDate "2007.11.25"]
[SourceQuality "1"]

1. Nf3 d5 2. g3 c6 3. Bg2 Bg4 4. 0-0 Nd7 5. d4 e6 6. b3 Bd6 7. c4 f5 8. Nc3 Ngf6 9. Nd2 0-0 10. f3 Bh5 11. Qe1 e5 12. dxe5 Bxe5 13. Bb2 d4 14. Na4 Nb6 15. Nc5 Qe7 16. Nd3 c5 17. e3 Rad8 18. Nxe5 Qxe5 19. exd4 1/2-1/2

[Event "Niedersachsen-ch U16"]
[Site "Rotenburg/Wuemme"]
[Date "2007.04.02"]
[Round "4"]
[White "Kuberczyk, Christoph"]
[Black "Torwelle, Marcel"]
[Result "1/2-1/2"]
[WhiteElo "1685"]
[BlackElo "1844"]
[PlyCount "54"]
[EventDate "2007.03.31"]
[EventType "swiss"]
[EventRounds "9"]
[EventCountry "GER"]
[SourceTitle "EXT 2008"]
[Source "ChessBase"]
[SourceDate "2007.11.25"]
[SourceVersion "1"]
[SourceVersionDate "2007.11.25"]
[SourceQuality "1"]

1. e4 d6 2. d4 Nf6 3. Nc3 Nbd7 4. Nf3 e5 5. Be2 c6 6. 0-0 Be7 7. h3 0-0 8. Be3 b5 9. Bd3 Bb7 10. dxe5 Nxe5 11. Nxe5 dxe5 12. f3 Qc7 13. Qe1 b4 14. Ne2 c5 15. Bc4 Nd7 16. c3 Nb6 17. Bb3 a5 18. Qf2 a4 19. Bc2 Nc4 20. Bc1 Rfd8 21. b3 axb3 22. Bxb3 Nd2 23. Bxd2 Rxd2 24. cxb4 cxb4 25. Rac1 Qa5 26. Qe3 Rad8 27. Kh1 Ba6 1/2-1/2

[Event "Niedersachsen-ch U16"]
[Site "Rotenburg/Wuemme"]
[Date "2007.04.01"]
[Round "3"]
[White "Seemann, Semjon"]
[Black "Torwelle, Marcel"]
[Result "1-0"]
[WhiteElo "1991"]
[BlackElo "1844"]
[PlyCount "59"]
[EventDate "2007.03.31"]
[EventType "swiss"]
[EventRounds "9"]
[EventCountry "GER"]
[SourceTitle "EXT 2008"]
[Source "ChessBase"]
[SourceDate "2007.11.25"]
[SourceVersion "1"]
[SourceVersionDate "2007.11.25"]
[SourceQuality "1"]

1. e4 c5 2. Nf3 d6 3. d4 Nf6 4. Nc3 cxd4 5. Nxd4 a6 6. Be3 Ng4 7. Bc1 Nf6 8. f3 e6 9. Be3 b5 10. Qd2 Bb7 11. g4 h6 12. h4 Nbd7 13. 0-0-0 b4 14. Nce2 Qa5 15. Nb3 Qa4 16. Rg1 Ne5 17. Ned4 d5 18. g5 hxg5 19. hxg5 Nfd7 20. exd5 Bxd5 21. Kb1 Bxf3 22. Re1 Bd5 23. Bf4 Ng6 24. Bd3 Nxf4 25. Qxf4 Nc5 26. Rgf1 Qd7 27. g6 f6 28. Nxc5 Bxc5 29. Nxe6 Bxe6 30. Bf5 1-0

[Event "Niedersachsen-chT U14"]
[Site "Verden"]
[Date "2006.05.28"]
[Round "7.4"]
[White "Torwelle, Marcel"]
[Black "Vossfeldt, Michael"]
[Result "0-1"]
[WhiteElo "1727"]
[BlackElo "1302"]
[PlyCount "117"]
[EventDate "2006.05.25"]
[EventType "team"]
[EventRounds "7"]
[EventCountry "GER"]
[SourceTitle "EXT 2007"]
[Source "ChessBase"]
[SourceDate "2006.11.23"]
[SourceVersion "1"]
[SourceVersionDate "2006.11.23"]
[SourceQuality "1"]

1. Nf3 Nc6 2. d4 e6 3. g3 Nf6 4. Bg2 Be7 5. 0-0 0-0 6. c4 d5 7. Nc3 dxc4 8. e4 Nb4 9. Ne5 c5 10. dxc5 Bxc5 11. Nxc4 Qc7 12. Qe2 a6 13. Bf4 Qe7 14. Rfd1 Rd8 15. Rxd8+ Qxd8 16. Rd1 Qe7 17. Na4 Bd7 18. Nxc5 Qxc5 19. a3 Bb5 20. Bf1 Nc6 21. Rc1 Qd4 22. e5 Nd7 23. a4 Bxc4 24. Rxc4 Qd5 25. Bg2 Qa5 26. Bxc6 bxc6 27. Rxc6 Qxa4 28. Rd6 Nf8 29. Be3 Ng6 30. Bd4 Qb3 31. Bc3 Qb7 32. h4 Ne7 33. Qd3 Nd5 34. h5 h6 35. Qd4 Nxc3 36. Qxc3 Rc8 37. Qd2 Rb8 38. Rd8+ Rxd8 39. Qxd8+ Kh7 40. Qd4 Kg8 41. g4 Qf3 42. b4 Kh7 43. Qc4 Kg8 44. Kf1 Kh7 45. Ke1 Kg8 46. Qe2 Qc3+ 47. Qd2 Qxe5+ 48. Kd1 Qe4 49. f4 Qb1+ 50. Ke2 Qe4+ 51. Kf2 Kh7 52. Kg3 e5 53. f5 f6 54. Qc3 Qf4+ 55. Kh3 Qf1+ 56. Kh4 Qg2 57. Qa3 Qh2+ 58. Qh3 Qxh3+ 59. Kxh3 0-1

[Event "Niedersachsen-chT U14"]
[Site "Verden"]
[Date "2006.05.26"]
[Round "4.3"]
[White "Torwelle, Marcel"]
[Black "Bor, Tobias"]
[Result "1-0"]
[WhiteElo "1727"]
[BlackElo "1471"]
[PlyCount "47"]
[EventDate "2006.05.25"]
[EventType "team"]
[EventRounds "7"]
[EventCountry "GER"]
[SourceTitle "EXT 2007"]
[Source "ChessBase"]
[SourceDate "2006.11.23"]
[SourceVersion "1"]
[SourceVersionDate "2006.11.23"]
[SourceQuality "1"]

1. Nf3 Nf6 2. d4 e6 3. g3 d5 4. Bg2 Be7 5. 0-0 0-0 6. c4 dxc4 7. Ne5 c6 8. Nc3 Nbd7 9. Nxc4 Nb6 10. b3 Nbd5 11. Bb2 Qc7 12. e4 Nxc3 13. Bxc3 Rd8 14. Qe2 Bd7 15. Rfd1 Rac8 16. Rac1 Qb8 17. Bb2 b6 18. Ne3 Rc7 19. d5 exd5 20. exd5 cxd5 21. Nxd5 Nxd5 22. Bxd5 Bf5 23. Qe5 Bf6 24. Qxc7 1-0

[Event "Niedersachsen-ch U16"]
[Site "Rotenburg/Wuemme"]
[Date "2006.04.11"]
[Round "5"]
[White "Vogel, Christopher"]
[Black "Torwelle, Marcel"]
[Result "1/2-1/2"]
[WhiteElo "1693"]
[BlackElo "1827"]
[PlyCount "74"]
[EventDate "2006.04.08"]
[EventType "swiss"]
[EventRounds "9"]
[EventCountry "GER"]
[SourceTitle "EXT 2007"]
[Source "ChessBase"]
[SourceDate "2006.11.23"]
[SourceVersion "1"]
[SourceVersionDate "2006.11.23"]
[SourceQuality "1"]

1. d4 Nf6 2. c4 g6 3. Nc3 d5 4. Nf3 Bg7 5. Bg5 Ne4 6. cxd5 Nxc3 7. bxc3 Qxd5 8. e3 c5 9. Be2 Nc6 10. 0-0 0-0 11. Bf4 Rd8 12. Qc2 Bf5 13. Bd3 Bxd3 14. Qxd3 e5 15. e4 Qe6 16. Bg5 exd4 17. Bxd8 Rxd8 18. cxd4 Nxd4 19. Kh1 Nc6 20. Qc2 Bxa1 21. Rxa1 b6 22. Re1 Nd4 23. Qd2 Qf6 24. Rd1 Ne6 25. Qe2 Rxd1+ 26. Qxd1 Qb2 27. e5 Qxf2 28. h4 Nd4 29. Qd3 Qxa2 30. h5 Qc2 31. Qe3 Nf5 32. Qg5 Qd1+ 33. Kh2 c4 34. h6 c3 35. Kh3 c2 36. Nd2 Qh1+ 37. Kg4 Qxg2+ 1/2-1/2

[Event "Niedersachsen-ch U16"]
[Site "Rotenburg/Wuemme"]
[Date "2006.04.09"]
[Round "2"]
[White "Ripplinger, Philipp"]
[Black "Torwelle, Marcel"]
[Result "0-1"]
[WhiteElo "1610"]
[BlackElo "1827"]
[PlyCount "69"]
[EventDate "2006.04.08"]
[EventType "swiss"]
[EventRounds "9"]
[EventCountry "GER"]
[SourceTitle "EXT 2007"]
[Source "ChessBase"]
[SourceDate "2006.11.23"]
[SourceVersion "1"]
[SourceVersionDate "2006.11.23"]
[SourceQuality "1"]

1. e4 c5 2. Ne2 d6 3. d3 Nc6 4. g3 Bg4 5. Be3 Bf3 6. Rg1 Nf6 7. Nd2 Qa5 8. c3 Ne5 9. Qc2 Rc8 10. Bf4 Nfd7 11. Bg2 Bxg2 12. Rxg2 g6 13. h3 Bg7 14. Be3 b5 15. f4 Nc6 16. Nf3 b4 17. Bd2 Rb8 18. b3 bxc3 19. Bxc3 Nb4 20. Qd2 Bxc3 21. Nxc3 Nf6 22. Kf1 Qa6 23. Rd1 0-0 24. Re2 Nc6 25. d4 cxd4 26. Nxd4 Rbc8 27. Ke1 Qb6 28. Na4 Qxd4 29. Qxd4 Nxd4 30. Rxd4 Rc1+ 31. Rd1 Rfc8 32. e5 dxe5 33. Rxe5 e6 34. Re3 Nd5 35. Red3 0-1

[Event "Niedersachsen-ch"]
[Site "Verden"]
[Date "2006.01.06"]
[Round "4"]
[White "Kimmich, Bernd"]
[Black "Torwelle, Marcel"]
[Result "0-1"]
[WhiteElo "1801"]
[BlackElo "1605"]
[PlyCount "50"]
[EventDate "2006.01.??"]
[EventType "swiss"]
[EventRounds "7"]
[EventCountry "GER"]
[SourceTitle "CBM 110 Extra"]
[Source "ChessBase"]
[SourceDate "2006.03.10"]
[SourceVersion "2"]
[SourceVersionDate "2006.03.10"]
[SourceQuality "1"]

1. d4 Nf6 2. c4 g6 3. Nc3 d5 4. cxd5 Nxd5 5. e4 Nxc3 6. bxc3 c5 7. Bc4 Bg7 8. Be3 Nc6 9. Ne2 0-0 10. 0-0 Qc7 11. Rc1 Rd8 12. f4 Bg4 13. d5 Na5 14. Bd3 c4 15. Bb1 e6 16. h3 Bxe2 17. Qxe2 exd5 18. exd5 Rxd5 19. Be4 Rd7 20. f5 Re8 21. Bb1 Bh6 22. Rf3 Rde7 23. fxg6 hxg6 24. Rcf1 Bxe3+ 25. Kh1 Bg1 0-1

[Event "Niedersachsen-chT U16"]
[Site "Lingen"]
[Date "2005.05.05"]
[Round "2.1"]
[White "Lubbe, Nikolas"]
[Black "Torwelle, Marcel"]
[Result "1-0"]
[WhiteElo "2156"]
[BlackElo "1698"]
[PlyCount "81"]
[EventDate "2005.05.05"]
[EventType "team"]
[EventRounds "5"]
[EventCountry "GER"]
[SourceTitle "EXT 2007"]
[Source "ChessBase"]
[SourceDate "2006.11.23"]
[SourceVersion "1"]
[SourceVersionDate "2006.11.23"]
[SourceQuality "1"]

1. e4 c5 2. Nc3 Nc6 3. g3 g6 4. Bg2 Bg7 5. d3 e6 6. Be3 d6 7. Qd2 Rb8 8. Nd1 Qc7 9. Nf3 b5 10. 0-0 Nge7 11. Nh4 Bb7 12. f4 c4 13. f5 Ng8 14. g4 a5 15. g5 Qd7 16. d4 b4 17. c3 Ba8 18. Qe2 Rc8 19. Bh3 d5 20. fxe6 fxe6 21. exd5 Qxd5 22. Nf2 Nge7 23. Bf4 Nd8 24. Bg2 Qb5 25. Bxa8 Rxa8 26. Ne4 0-0 27. Nc5 bxc3 28. bxc3 Nd5 29. Be5 Nxc3 30. Rxf8+ Bxf8 31. Qf3 Nd5 32. Ne4 Bg7 33. Bxg7 Kxg7 34. Rf1 Qe8 35. Nf6 Qf7 36. Qe4 Qb7 37. Ne8+ Kg8 38. Nxg6 Nf7 39. Nf6+ Kg7 40. Nf4 Qb2 41. Nxe6+ 1-0

[Event "Niedersachsen-ch U14"]
[Site "Rotenburg/Wuemme"]
[Date "2005.03.25"]
[Round "9"]
[White "Seemann, Semjon"]
[Black "Torwelle, Marcel"]
[Result "1-0"]
[WhiteElo "1671"]
[BlackElo "1616"]
[PlyCount "93"]
[EventDate "2005.03.19"]
[EventType "swiss"]
[EventRounds "9"]
[EventCountry "GER"]
[SourceTitle "EXT 2007"]
[Source "ChessBase"]
[SourceDate "2006.11.23"]
[SourceVersion "1"]
[SourceVersionDate "2006.11.23"]
[SourceQuality "1"]

1. e4 c5 2. Nf3 d6 3. d4 Nf6 4. Nc3 cxd4 5. Nxd4 a6 6. Be3 e6 7. f3 Qc7 8. Qd2 Nbd7 9. g4 h6 10. h4 b5 11. 0-0-0 Bb7 12. Kb1 Ne5 13. Be2 b4 14. Na4 d5 15. g5 Nfd7 16. b3 Nc5 17. Nxc5 Bxc5 18. f4 Nd7 19. g6 Nf6 20. gxf7+ Qxf7 21. Bf3 dxe4 22. Bg2 Nd5 23. Ka1 Nc3 24. Bh3 Rd8 25. Bxe6 Qxe6 26. Nxe6 Rxd2 27. Rxd2 Bxe3 28. Rd8+ Ke7 29. Rxh8 Kxe6 30. Re8+ Kf7 31. Rd8 Bxf4 32. Rd7+ Ke8 33. Rxb7 e3 34. Rxb4 Be5 35. Rc4 e2 36. Re1 Nb5+ 37. Kb1 Na3+ 38. Kc1 Nxc4 39. bxc4 Bf4+ 40. Kb2 g5 41. Rxe2+ Kd7 42. hxg5 hxg5 43. Kc3 Kd6 44. Kb4 Kc6 45. Re6+ Kb7 46. Rg6 Kb8 47. Kc5 1-0

[Event "Niedersachsen-ch U14"]
[Site "Rotenburg/Wuemme"]
[Date "2005.03.23"]
[Round "7"]
[White "Torwelle, Marcel"]
[Black "Kusmierek, Phillip"]
[Result "1-0"]
[WhiteElo "1616"]
[BlackElo "1610"]
[PlyCount "65"]
[EventDate "2005.03.19"]
[EventType "swiss"]
[EventRounds "9"]
[EventCountry "GER"]
[SourceTitle "EXT 2007"]
[Source "ChessBase"]
[SourceDate "2006.11.23"]
[SourceVersion "1"]
[SourceVersionDate "2006.11.23"]
[SourceQuality "1"]

1. Nf3 f5 2. g3 Nf6 3. Bg2 g6 4. 0-0 Bg7 5. d3 0-0 6. Nbd2 d6 7. c3 Qe8 8. Qe1 e5 9. e4 f4 10. d4 h6 11. dxe5 dxe5 12. Nc4 Nh7 13. b3 g5 14. Qd1 Nc6 15. Re1 g4 16. Nfd2 f3 17. Bf1 Ng5 18. Ba3 Rf6 19. Ne3 Be6 20. Nd5 Bxd5 21. exd5 Nd8 22. Ne4 Nxe4 23. Rxe4 Qh5 24. d6 cxd6 25. Bxd6 Nf7 26. Bxe5 Nxe5 27. Qd5+ Rf7 28. Rae1 Qf5 29. Rxe5 Bxe5 30. Rxe5 Qd7 31. Bc4 Rc8 32. Qxd7 Rxc4 33. Qe8+ 1-0

[Event "Bad Zwesten op 9th"]
[Site "Bad Zwesten"]
[Date "2005.01.02"]
[Round "1"]
[White "Gentemann, Moritz"]
[Black "Torwelle, Marcel"]
[Result "1-0"]
[WhiteElo "2155"]
[BlackElo "1560"]
[PlyCount "65"]
[EventDate "2005.01.02"]
[EventType "swiss"]
[EventRounds "9"]
[EventCountry "GER"]
[SourceTitle "CBM 104 Extra"]
[Source "ChessBase"]
[SourceDate "2005.03.01"]
[SourceVersion "1"]
[SourceVersionDate "2005.03.01"]
[SourceQuality "1"]

1. e4 c5 2. Nf3 d6 3. d4 cxd4 4. Nxd4 Nf6 5. Nc3 a6 6. Bg5 e6 7. f4 Be7 8. Qf3 Qc7 9. 0-0-0 b5 10. e5 Bb7 11. Bxb5+ axb5 12. Ndxb5 Bxf3 13. Nxc7+ Kd7 14. Nxa8 Bxa8 15. exf6 gxf6 16. Bh4 Bxg2 17. Rhe1 Nc6 18. a3 d5 19. Rd3 f5 20. Bxe7 Nxe7 21. Rd2 Bh3 22. b4 Rc8 23. Na4 Kd8 24. Nc5 Ng6 25. Rd4 Bg4 26. Kb2 Nh4 27. Re3 Nf3 28. Rdd3 Nh4 29. h3 Bh5 30. Rg3 Ng6 31. Rd4 Kc7 32. Rc3 Kd8 33. b5 1-0

[Event "GER-chT North U16"]
[Site "Syke"]
[Date "2004.09.19"]
[Round "7.4"]
[White "Torwelle, Marcel"]
[Black "Hagenlueke, Thomas"]
[Result "1/2-1/2"]
[WhiteElo "1556"]
[BlackElo "1566"]
[PlyCount "70"]
[EventDate "2004.09.16"]
[EventType "team-swiss"]
[EventRounds "7"]
[EventCountry "GER"]
[SourceTitle "EXT 2006"]
[Source "ChessBase"]
[SourceDate "2005.11.24"]
[SourceVersion "1"]
[SourceVersionDate "2005.11.24"]
[SourceQuality "1"]

1. Nf3 Nf6 2. g3 g6 3. Bg2 Bg7 4. 0-0 d6 5. d4 0-0 6. a4 a5 7. c3 Nbd7 8. Qb3 c6 9. Rd1 Qc7 10. Nbd2 e5 11. dxe5 dxe5 12. Nc4 Nd5 13. e4 Nc5 14. Qa3 Nxe4 15. Nfxe5 Nexc3 16. bxc3 Bxe5 17. Nxe5 Qxe5 18. Bb2 Nb6 19. c4 Qc7 20. c5 Nc4 21. Qc3 Nxb2 22. Qxb2 Be6 23. Rab1 Rab8 24. Qc3 Rfd8 25. Re1 Bd5 26. Rb6 Bxg2 27. Kxg2 Ra8 28. Qf6 Rd7 29. h4 Qd8 30. Qb2 Rd2 31. Qc3 Qd5+ 32. Kg1 Rd1 33. Rxb7 Rxe1+ 34. Qxe1 Qxc5 35. Qb1 Rc8 1/2-1/2

[Event "GER-chT North U16"]
[Site "Syke"]
[Date "2004.09.17"]
[Round "3.4"]
[White "Rickmann, David"]
[Black "Torwelle, Marcel"]
[Result "0-1"]
[WhiteElo "1370"]
[BlackElo "1556"]
[PlyCount "70"]
[EventDate "2004.09.16"]
[EventType "team-swiss"]
[EventRounds "7"]
[EventCountry "GER"]
[SourceTitle "EXT 2006"]
[Source "ChessBase"]
[SourceDate "2005.11.24"]
[SourceVersion "1"]
[SourceVersionDate "2005.11.24"]
[SourceQuality "1"]

1. e4 c5 2. Nf3 d6 3. d4 cxd4 4. Nxd4 Nf6 5. Nc3 a6 6. Be3 e6 7. Be2 Qc7 8. Qd2 Nc6 9. 0-0 Be7 10. Rad1 b5 11. Bf3 Ne5 12. h3 Bb7 13. Bg5 Nc4 14. Qc1 h6 15. Bh4 g5 16. Bg3 b4 17. Nce2 Nxe4 18. Bxe4 Bxe4 19. b3 Nb6 20. Qe3 Bg6 21. c4 e5 22. Nf3 Nd7 23. Nc1 f5 24. Bh2 f4 25. Qd2 Nf6 26. Qxb4 g4 27. hxg4 Nxg4 28. Rfe1 Rg8 29. Qc3 Bf6 30. Nd3 Kf7 31. c5 Rac8 32. Qc4+ d5 33. Qxa6 Bxd3 34. Nxe5+ Nxe5 35. Bxf4 Bxa6 0-1

[Event "GER-chT North U16"]
[Site "Syke"]
[Date "2004.09.16"]
[Round "2.4"]
[White "Torwelle, Marcel"]
[Black "Henrichsen, Lars"]
[Result "1-0"]
[WhiteElo "1556"]
[BlackElo "1300"]
[PlyCount "33"]
[EventDate "2004.09.16"]
[EventType "team-swiss"]
[EventRounds "7"]
[EventCountry "GER"]
[SourceTitle "EXT 2006"]
[Source "ChessBase"]
[SourceDate "2005.11.24"]
[SourceVersion "1"]
[SourceVersionDate "2005.11.24"]
[SourceQuality "1"]

1. Nf3 d5 2. g3 Bf5 3. Bg2 Nf6 4. 0-0 Nc6 5. d4 g6 6. c4 Bg7 7. Nc3 Nb4 8. Qa4+ Nc6 9. cxd5 Nxd5 10. Nxd5 Qxd5 11. Ne5 Qd6 12. Nxc6 bxc6 13. Qxc6+ Qxc6 14. Bxc6+ Kd8 15. Bxa8 Kd7 16. Bg2 Rd8 17. e4 1-0

[Event "Niedersachsen-ch U14"]
[Site "Borkum"]
[Date "2004.04.05"]
[Round "4"]
[White "Borrink, Joern"]
[Black "Torwelle, Marcel"]
[Result "1/2-1/2"]
[WhiteElo "1553"]
[BlackElo "1491"]
[PlyCount "30"]
[EventDate "2004.04.??"]
[EventType "swiss"]
[EventRounds "9"]
[EventCountry "GER"]
[SourceTitle "EXT 2005"]
[Source "ChessBase"]
[SourceDate "2004.11.15"]
[SourceVersion "1"]
[SourceVersionDate "2004.11.15"]
[SourceQuality "1"]

1. e4 c5 2. Nf3 d6 3. d4 cxd4 4. Nxd4 Nf6 5. Nc3 a6 6. Be3 e6 7. a3 Be7 8. Be2 0-0 9. Qd2 Qc7 10. 0-0 Nbd7 11. Bf3 Ne5 12. Be2 b5 13. Rad1 Bb7 14. f3 Rac8 15. Rc1 Nc4 1/2-1/2

[Event "Niedersachsen-ch U14"]
[Site "Borkum"]
[Date "2004.04.04"]
[Round "2"]
[White "Sauer, Norwin"]
[Black "Torwelle, Marcel"]
[Result "1/2-1/2"]
[WhiteElo "1594"]
[BlackElo "1491"]
[PlyCount "51"]
[EventDate "2004.04.??"]
[EventType "swiss"]
[EventRounds "9"]
[EventCountry "GER"]
[SourceTitle "EXT 2005"]
[Source "ChessBase"]
[SourceDate "2004.11.15"]
[SourceVersion "1"]
[SourceVersionDate "2004.11.15"]
[SourceQuality "1"]

1. d4 Nf6 2. c4 g6 3. Nc3 d5 4. cxd5 Nxd5 5. e4 Nxc3 6. bxc3 Bg7 7. Bc4 0-0 8. Nf3 c5 9. Bb2 Bg4 10. Be2 Bxf3 11. Bxf3 cxd4 12. cxd4 Nc6 13. e5 Qa5+ 14. Qd2 Qxd2+ 15. Kxd2 Na5 16. Rac1 Bh6+ 17. Kd3 Bxc1 18. Rxc1 Rac8 19. Rc3 Rxc3+ 20. Bxc3 Nc6 21. d5 Rd8 22. Kc4 Nb8 23. Bb4 Re8 24. d6 exd6 25. exd6 b6 26. a4 1/2-1/2